[Event "Florianopolis op 7th"]
[Site "Florianopolis"]
[Date "2021.01.19"]
[Round "3"]
[White "Dos Anjos, Diovana Ferreira"]
[Black "Butzke, Lucas de Castro"]
[Result "0-1"]
[WhiteElo "1705"]
[BlackElo "1286"]
[PlyCount "42"]
[EventDate "2021.01.18"]
[EventType "swiss"]
[EventRounds "10"]
[EventCountry "BRA"]
[SourceTitle "CBM 200 Extra"]
[Source "ChessBase"]
[SourceDate "2021.03.31"]
[SourceVersion "1"]
[SourceVersionDate "2021.03.31"]
[SourceQuality "1"]

1. e4 e5 2. c4 Nc6 3. Nc3 d6 4. g3 Be7 5. Bg2 Be6 6. d3 f5 7. f4 Qd7 8. a3 a5 9. h3 g6 10. Bd2 Nf6 11. Nd5 0-0 12. Nxf6+ Bxf6 13. Rb1 a4 14. h4 fxe4 15. Bxe4 Rae8 16. Ne2 Bg4 17. Qxa4 Bxe2 18. Bxc6 bxc6 19. Kxe2 Qg4+ 20. Kf2 exf4 21. Bxf4 Bd4+ 0-1

[Event "Paranaense-ch U20 Girls"]
[Site "Pirai do Sul"]
[Date "2019.07.13"]
[Round "4.1"]
[White "Dos Anjos, Diovana Ferreira"]
[Black "Bail, Ellen Larissa"]
[Result "0-1"]
[WhiteElo "1669"]
[BlackElo "1867"]
[PlyCount "82"]
[EventDate "2019.07.12"]
[EventType "swiss"]
[EventRounds "5"]
[EventCountry "BRA"]
[SourceTitle "EXT 2022"]
[Source "ChessBase"]
[SourceDate "2021.10.06"]
[SourceVersion "1"]
[SourceVersionDate "2021.10.06"]
[SourceQuality "1"]

1. e4 c5 2. c4 Nc6 3. Nc3 g6 4. g3 Bg7 5. Bg2 d6 6. d3 Nf6 7. h3 Bd7 8. Nge2 Qc8 9. Nf4 Rb8 10. Rb1 a6 11. a4 0-0 12. Bd2 Ne8 13. Ncd5 b5 14. Bc3 e5 15. Ne2 b4 16. Bd2 f5 17. f4 Nc7 18. Nxc7 Qxc7 19. b3 Qc8 20. h4 fxe4 21. Bxe4 Bg4 22. Qc1 Bxe2 23. Kxe2 Qg4+ 24. Kf2 exf4 25. gxf4 Nd4 26. Qd1 Qxd1 27. Rhxd1 Be5 28. Rg1 Bxf4 29. Bxf4 Rxf4+ 30. Ke3 Rxh4 31. Bd5+ Kg7 32. Be4 Rf8 33. Rg3 Rh2 34. Rg2 Nc2+ 35. Ke2 Nd4+ 36. Ke3 Rxg2 37. Bxg2 Re8+ 38. Be4 a5 39. Rb2 Re5 40. Kf2 h5 41. Kg3 Rg5+ 0-1

[Event "Florianopolis op 5th"]
[Site "Florianopolis"]
[Date "2019.01.21"]
[Round "1"]
[White "Dos Anjos, Diovana Ferreira"]
[Black "Bueno, Alfeu Varela Jr"]
[Result "0-1"]
[WhiteElo "1660"]
[BlackElo "2179"]
[PlyCount "86"]
[EventDate "2019.01.21"]
[EventType "swiss"]
[EventRounds "10"]
[EventCountry "BRA"]
[SourceTitle "CBM 188 Extra"]
[Source "ChessBase"]
[SourceDate "2019.02.26"]
[SourceVersion "1"]
[SourceVersionDate "2019.02.26"]
[SourceQuality "1"]

1. e4 e6 2. d4 d5 3. Nd2 Nf6 4. e5 Nfd7 5. f4 c5 6. Ngf3 Nc6 7. c3 cxd4 8. cxd4 Qb6 9. Nb3 a5 10. a4 Bb4+ 11. Kf2 f6 12. Be3 0-0 13. Bb5 Ndb8 14. g4 Bd7 15. h4 Ne7 16. Bd3 f5 17. g5 Na6 18. Qe2 Qd8 19. Rhc1 Qe8 20. Nfd2 Nc6 21. Nb1 Na7 22. Nc3 Bxc3 23. bxc3 Bxa4 24. Nxa5 b6 25. Bxa6 bxa5 26. c4 Bb3 27. cxd5 Bxd5 28. Bc4 Bxc4 29. Rxc4 Nc6 30. Rca4 Qd7 31. Qc4 Rfc8 32. Qb5 Rab8 33. Qe2 Nb4 34. Kg3 Rc3 35. R4a3 Qxd4 36. Rd1 Qc5 37. Kf2 Qc7 38. Rxc3 Qxc3 39. Kf1 Nd5 40. Rd3 Rb1+ 41. Kf2 Qc4 42. Kg3 Rb3 43. Qh5 g6 0-1

[Event "Parana-ch (Women)"]
[Site "Curitiba"]
[Date "2018.11.23"]
[Round "2"]
[White "Leszczynski, Taynara"]
[Black "Dos Anjos, Diovana Ferreira"]
[Result "0-1"]
[WhiteElo "1665"]
[BlackElo "1668"]
[PlyCount "116"]
[EventDate "2018.11.23"]
[EventType "swiss"]
[EventRounds "6"]
[EventCountry "BRA"]
[SourceTitle "EXT 2020"]
[Source "ChessBase"]
[SourceDate "2019.10.17"]
[SourceVersion "1"]
[SourceVersionDate "2019.10.17"]
[SourceQuality "1"]

1. e4 c5 2. Nc3 a6 3. Bc4 b5 4. Bxf7+ Kxf7 5. Qh5+ g6 6. Qd5+ e6 7. Qxa8 Qc7 8. Nf3 Bb7 9. Ne5+ Kg7 10. Qa7 d6 11. Ng4 b4 12. Na4 Nd7 13. Ne3 Ne7 14. b3 Nc8 15. Bb2+ e5 16. Nd5 Qc6 17. Nxb4 Qxe4+ 18. Kd1 Nxa7 19. Nd3 Qxg2 20. Re1 Qf3+ 21. Kc1 Kh6 22. Nc3 Bg7 23. a4 e4 24. Re3 Qf5 25. Ne1 Bd4 26. Re2 d5 27. Kb1 Bxc3 28. dxc3 Ne5 29. Ka2 Nac6 30. Rd1 Rd8 31. Rdd2 a5 32. Bc1 Kg7 33. Re3 Ba6 34. h3 Bf1 35. h4 Qf6 36. Rg3 Qxh4 37. Rd1 Qf6 38. Rd2 Ba6 39. Ng2 Nf3 40. Rd1 Ne7 41. Rh1 Bc8 42. Nf4 Kg8 43. Nh5 Qxc3 44. Bb2 Qxc2 45. Nf6+ Kf7 46. Rxh7+ Ke6 47. Ng4 d4 48. Rh1 d3 49. Rc1 Qxc1 50. Bxc1 d2 51. Bxd2 Rxd2+ 52. Kb1 Kd6 53. Ne3 Rxf2 54. Nc4+ Kd5 55. Kc1 g5 56. Rg2 Rxg2 57. Ne3+ Kd4 58. Nxg2 Bh3 0-1

[Event "Blumenau STD op"]
[Site "Blumenau"]
[Date "2018.09.30"]
[Round "6"]
[White "Dos Anjos, Diovana Ferreira"]
[Black "Moraes, Maurino Anastacio"]
[Result "1-0"]
[WhiteElo "1678"]
[BlackElo "1604"]
[PlyCount "89"]
[EventDate "2018.09.28"]
[EventType "swiss"]
[EventRounds "6"]
[EventCountry "BRA"]
[SourceTitle "EXT 2020"]
[Source "ChessBase"]
[SourceDate "2019.10.17"]
[SourceVersion "1"]
[SourceVersionDate "2019.10.17"]
[SourceQuality "1"]

1. b4 e5 2. Bb2 Bxb4 3. Bxe5 Nf6 4. a3 Ba5 5. e3 Nc6 6. Bb2 0-0 7. Nf3 d6 8. h3 Re8 9. Bc4 Be6 10. Be2 d5 11. 0-0 Ne4 12. d3 Ng5 13. Nbd2 Bb6 14. d4 h6 15. c4 dxc4 16. Bxc4 Bxc4 17. Nxc4 Qd5 18. Nce5 Nxe5 19. Nxe5 Re6 20. h4 Ne4 21. f4 c6 22. Qh5 Rf8 23. Qf3 Bd8 24. f5 Rd6 25. h5 Bg5 26. Rfe1 g6 27. g4 gxh5 28. gxh5 Kh8 29. Kh2 Rg8 30. Rg1 Nf6 31. Qxd5 Rxd5 32. Nxf7+ Kh7 33. Nxg5+ hxg5 34. Raf1 g4 35. Kg3 Nxh5+ 36. Kh4 Nf6 37. Rf4 Rd7 38. e4 Kh8 39. d5 Rh7+ 40. Kg3 Rh3+ 41. Kg2 Rf8 42. Rxg4 Rh7 43. Rg6 Rg7 44. Kf3 Rff7 45. Rxg7 1-0

[Event "Blumenau STD op"]
[Site "Blumenau"]
[Date "2018.09.30"]
[Round "5"]
[White "Dos Anjos, Diovana Ferreira"]
[Black "Weise, William Ferreira"]
[Result "0-1"]
[WhiteElo "1678"]
[BlackElo "1754"]
[PlyCount "68"]
[EventDate "2018.09.28"]
[EventType "swiss"]
[EventRounds "6"]
[EventCountry "BRA"]
[SourceTitle "EXT 2020"]
[Source "ChessBase"]
[SourceDate "2019.10.17"]
[SourceVersion "1"]
[SourceVersionDate "2019.10.17"]
[SourceQuality "1"]

1. e4 e5 2. c4 Bc5 3. Nc3 Nc6 4. Nge2 Nge7 5. g3 0-0 6. Bg2 d6 7. d3 f5 8. 0-0 Ng6 9. exf5 Bxf5 10. Ne4 Bb6 11. h3 Nd4 12. N4c3 c6 13. Kh2 Qd7 14. Nxd4 exd4 15. Ne4 d5 16. cxd5 cxd5 17. Qb3 Kh8 18. Ng5 h6 19. Nf3 Rae8 20. Ng1 Ne5 21. Rd1 Bg4 22. Rf1 Bf3 23. Nxf3 Nxf3+ 24. Kh1 Ne1 25. Qxd5 Qxd5 26. Bxd5 Nxd3 27. Kg2 Re2 28. Bf3 Ne1+ 29. Rxe1 Rxe1 30. b3 d3 31. Bb2 d2 32. Bc3 Rxa1 33. Bxa1 d1Q 34. Bxd1 Rxf2+ 0-1

[Event "Blumenau STD op"]
[Site "Blumenau"]
[Date "2018.09.29"]
[Round "3"]
[White "Dos Anjos, Diovana Ferreira"]
[Black "Carstens Dobuchak, Thiago"]
[Result "0-1"]
[WhiteElo "1678"]
[BlackElo "2112"]
[PlyCount "62"]
[EventDate "2018.09.28"]
[EventType "swiss"]
[EventRounds "6"]
[EventCountry "BRA"]
[SourceTitle "EXT 2020"]
[Source "ChessBase"]
[SourceDate "2019.10.17"]
[SourceVersion "1"]
[SourceVersionDate "2019.10.17"]
[SourceQuality "1"]

1. e4 e5 2. Nf3 Qe7 3. Nc3 c6 4. d4 d6 5. Be2 g6 6. 0-0 Bg7 7. d5 f5 8. exf5 Bxf5 9. Nd2 Nf6 10. f3 cxd5 11. Bb5+ Nc6 12. Re1 0-0 13. Nf1 d4 14. Bc4+ Be6 15. Bxe6+ Qxe6 16. Nb5 Qd7 17. Ng3 Ne7 18. Na3 Nf5 19. Ne2 Rfe8 20. f4 Qc6 21. Qd3 Rac8 22. Bd2 Kh8 23. Qh3 Qb6 24. Qb3 Qc6 25. Qh3 Ne4 26. Rad1 d3 27. Nc3 dxc2 28. Nxc2 Qb6+ 29. Ne3 Nxc3 30. bxc3 exf4 31. Rb1 Qc5 0-1

[Event "Sao Paulo op-C U1700 7th"]
[Site "Sao Paulo"]
[Date "2018.03.30"]
[Round "1"]
[White "Dos Anjos, Diovana Ferreira"]
[Black "Machado, Wesley Henrique"]
[Result "1-0"]
[WhiteElo "1659"]
[BlackElo "1366"]
[PlyCount "81"]
[EventDate "2018.03.30"]
[EventType "swiss"]
[EventRounds "6"]
[EventCountry "BRA"]
[SourceTitle "EXT 2021"]
[Source "ChessBase"]
[SourceDate "2020.10.23"]
[SourceVersion "1"]
[SourceVersionDate "2020.10.23"]
[SourceQuality "1"]

1. b4 Nf6 2. Bb2 e6 3. a3 Be7 4. e3 0-0 5. Nf3 b6 6. Be2 Bb7 7. 0-0 d6 8. c4 Nbd7 9. Qc2 c5 10. b5 a6 11. a4 axb5 12. axb5 d5 13. d3 Rxa1 14. Bxa1 Qa8 15. Nbd2 Qa7 16. Ne5 Rc8 17. Bb2 Qb8 18. f4 Bd6 19. Qc3 Qc7 20. Nxd7 Qxd7 21. e4 d4 22. Qc1 e5 23. f5 Ra8 24. Rf3 Nh5 25. g3 Nf6 26. Rf2 h5 27. h3 Qc8 28. g4 h4 29. g5 Nh7 30. Nf3 Qe8 31. Rg2 Kf8 32. Rg4 Be7 33. g6 fxg6 34. fxg6 Nf6 35. Rxh4 Bd6 36. Ng5 Ke7 37. Nf7 Qd7 38. Qg5 Rf8 39. Rh7 Rxf7 40. gxf7 Kxf7 41. Rxg7+ 1-0

[Event "Sao Paulo op-C U1700 7th"]
[Site "Sao Paulo"]
[Date "2018.03.30"]
[Round "2"]
[White "Laperuta, Renan Portes"]
[Black "Dos Anjos, Diovana Ferreira"]
[Result "1/2-1/2"]
[WhiteElo "1535"]
[BlackElo "1659"]
[PlyCount "65"]
[EventDate "2018.03.30"]
[EventType "swiss"]
[EventRounds "6"]
[EventCountry "BRA"]
[SourceTitle "EXT 2021"]
[Source "ChessBase"]
[SourceDate "2020.10.23"]
[SourceVersion "1"]
[SourceVersionDate "2020.10.23"]
[SourceQuality "1"]

1. e4 a6 2. d4 b5 3. a3 Bb7 4. Nc3 e6 5. Nf3 h6 6. Bf4 Nf6 7. Bd3 c5 8. dxc5 Bxc5 9. 0-0 0-0 10. Re1 Ng4 11. Bg3 Qb6 12. Qe2 Nf6 13. Rad1 Rc8 14. b4 Bf8 15. Nb1 Nh5 16. Be5 Nc6 17. Bb2 d6 18. Nh4 Nf4 19. Qg4 e5 20. Re3 Re8 21. Rg3 Bc8 22. Nf5 Kh7 23. Qf3 g6 24. Ne3 Re6 25. Nd5 Qa7 26. Nxf4 exf4 27. Qxf4 Ne5 28. Nc3 Bg7 29. Nd5 Nxd3 30. Rdxd3 Bxb2 31. c3 Bxa3 32. Nf6+ Kg7 33. Nh5+ 1/2-1/2

[Event "Curitiba op"]
[Site "Curitiba"]
[Date "2018.02.23"]
[Round "2"]
[White "Araujo, Adalberto Marcos"]
[Black "Dos Anjos, Diovana Ferreira"]
[Result "1-0"]
[WhiteElo "2233"]
[BlackElo "1644"]
[PlyCount "69"]
[EventDate "2018.02.23"]
[EventType "swiss"]
[EventRounds "6"]
[EventCountry "BRA"]
[SourceTitle "CBM 183 Extra"]
[Source "ChessBase"]
[SourceDate "2018.04.19"]
[SourceVersion "1"]
[SourceVersionDate "2018.04.19"]
[SourceQuality "1"]

1. d4 b5 2. e4 Bb7 3. Bd3 Nf6 4. Qe2 a6 5. Nf3 e6 6. Nbd2 c5 7. c3 Be7 8. 0-0 0-0 9. a4 b4 10. e5 Nh5 11. Ne4 cxd4 12. cxd4 g6 13. Bh6 Re8 14. Rac1 Ng7 15. Nc5 Bc6 16. b3 a5 17. Rfd1 d6 18. exd6 Qxd6 19. Ne5 Bd5 20. Bb5 Rc8 21. g4 Ra7 22. Bf4 Qd8 23. Qe3 Ne8 24. h4 Bxh4 25. Bxe8 Qxe8 26. g5 Qd8 27. Ng4 h6 28. Nxh6+ Kg7 29. Ng4 Nc6 30. Nf6 Ne7 31. Qe5 Kf8 32. Nxd5 Bxf2+ 33. Kxf2 Qxd5 34. Qxd5 Nxd5 35. Nxe6+ 1-0

[Event "Caioba Telecom op"]
[Site "Caioba"]
[Date "2017.09.30"]
[Round "5"]
[White "Dos Anjos, Diovana Ferreira"]
[Black "Ferreira, Rodrigo Maycon Mira"]
[Result "1/2-1/2"]
[WhiteElo "1663"]
[BlackElo "1880"]
[PlyCount "62"]
[EventDate "2017.09.28"]
[EventType "swiss"]
[EventRounds "8"]
[EventCountry "BRA"]
[SourceTitle "EXT 2018"]
[Source "ChessBase"]
[SourceDate "2017.10.13"]
[SourceVersion "1"]
[SourceVersionDate "2017.10.13"]
[SourceQuality "1"]

1. b4 e5 2. Bb2 Bxb4 3. Bxe5 Nf6 4. a3 Nc6 5. Bb2 Ba5 6. e3 0-0 7. Nf3 d6 8. Be2 Bg4 9. 0-0 Re8 10. d4 Ne7 11. c4 Nh5 12. Nbd2 c6 13. h3 Bd7 14. Qc2 d5 15. cxd5 cxd5 16. Rac1 Rc8 17. Qb1 Nf4 18. Bd1 Nfg6 19. Bb3 Bb5 20. Rxc8 Qxc8 21. Rc1 Qd8 22. a4 Bd7 23. Ba3 Be6 24. Ba2 Qd7 25. Qb5 Qxb5 26. axb5 Rc8 27. Rxc8+ Bxc8 28. Nb3 Bc7 29. Bb1 a6 30. Bd3 Bd7 31. Nc1 Ne5 1/2-1/2

[Event "Sao Bento do Sul op 08"]
[Site "Sao Bento do Sul"]
[Date "2017.08.19"]
[Round "4"]
[White "Dos Anjos, Diovana Ferreira"]
[Black "Cordioli, Jairo Ribeiro"]
[Result "0-1"]
[WhiteElo "1693"]
[BlackElo "1851"]
[PlyCount "144"]
[EventDate "2017.08.18"]
[EventType "swiss"]
[EventRounds "6"]
[EventCountry "BRA"]
[SourceTitle "EXT 2019"]
[Source "ChessBase"]
[SourceDate "2018.10.10"]
[SourceVersion "1"]
[SourceVersionDate "2018.10.10"]
[SourceQuality "1"]

1. b4 Nf6 2. Bb2 g6 3. c4 Bg7 4. e4 d6 5. d3 0-0 6. Nf3 c5 7. a3 cxb4 8. axb4 Qb6 9. Qd2 Nc6 10. b5 Ne5 11. Nxe5 dxe5 12. h3 Be6 13. Be2 Rfd8 14. Qb4 Nd7 15. Nc3 Nc5 16. Nd5 Bxd5 17. exd5 e6 18. Ba3 Rac8 19. dxe6 Qxe6 20. 0-0 Nxd3 21. Qa5 Nf4 22. Bg4 f5 23. Bd1 e4 24. Rb1 Qb6 25. Qb4 Bd4 26. Qb3 Bc5 27. Bb2 Nd3 28. Kh1 Nxb2 29. Qxb2 Bd4 30. Qa2 Kg7 31. Bb3 Qf6 32. Rfd1 f4 33. Qc2 Re8 34. Ba4 b6 35. Qe2 f3 36. gxf3 exf3 37. Qd3 Be5 38. Qd7+ Re7 39. Qg4 h5 40. Qe4 Bb8 41. Qd4 Kg8 42. Qe4 Rf8 43. Bc2 Bd6 44. Qd4 Qxd4 45. Rxd4 Bc5 46. Rd2 Re2 47. Rbd1 Bxf2 48. Be4 Rxe4 49. Rxf2 Rxc4 50. Rd7 Rf7 51. Rxf7 Kxf7 52. Rxf3+ Ke6 53. Re3+ Kf5 54. Re7 Ra4 55. Kg2 g5 56. Rh7 h4 57. Rf7+ Ke6 58. Rg7 Kf6 59. Rd7 Ra5 60. Rd6+ Ke5 61. Rg6 Kf5 62. Rg7 Rxb5 63. Rxa7 Rb2+ 64. Kf3 b5 65. Rf7+ Ke5 66. Kg4 Rg2+ 67. Kh5 Kd4 68. Rd7+ Kc4 69. Rc7+ Kb3 70. Rb7 b4 71. Kg6 Kc3 72. Rc7+ Kb2 0-1

[Event "Sao Bento do Sul op 08"]
[Site "Sao Bento do Sul"]
[Date "2017.08.19"]
[Round "2"]
[White "Dos Anjos, Diovana Ferreira"]
[Black "De Borba, Gabriel"]
[Result "0-1"]
[WhiteElo "1693"]
[BlackElo "1888"]
[PlyCount "46"]
[EventDate "2017.08.18"]
[EventType "swiss"]
[EventRounds "6"]
[EventCountry "BRA"]
[SourceTitle "EXT 2019"]
[Source "ChessBase"]
[SourceDate "2018.10.10"]
[SourceVersion "1"]
[SourceVersionDate "2018.10.10"]
[SourceQuality "1"]

1. b4 e5 2. Bb2 e4 3. d3 d5 4. c4 c6 5. Nc3 Nf6 6. a3 Nbd7 7. e3 dxc4 8. dxc4 a5 9. b5 Qc7 10. Nge2 Nc5 11. Ng3 Bd6 12. Be2 0-0 13. 0-0 Be6 14. Rb1 Rfe8 15. Qc2 Bg4 16. Ncxe4 Ncxe4 17. Nxe4 Rxe4 18. f3 Bxh2+ 19. Kh1 Nh5 20. fxg4 Ng3+ 21. Kxh2 Nxf1+ 22. Kg1 Ng3 23. Qc3 Nxe2+ 0-1

[Event "BRA-ch U18 Girls"]
[Site "Itajai"]
[Date "2017.06.02"]
[Round "2"]
[White "Dos Anjos, Diovana Ferreira"]
[Black "Tamarozi, Isabelle"]
[Result "1-0"]
[WhiteElo "1654"]
[BlackElo "2013"]
[PlyCount "135"]
[EventDate "2017.06.01"]
[EventType "swiss"]
[EventRounds "6"]
[EventCountry "BRA"]
[SourceTitle "CBM 179 Extra"]
[Source "ChessBase"]
[SourceDate "2017.08.23"]
[SourceVersion "1"]
[SourceVersionDate "2017.08.23"]
[SourceQuality "1"]

1. b4 Nf6 2. Bb2 g6 3. e3 Bg7 4. Nf3 0-0 5. Be2 d6 6. 0-0 e5 7. d3 Nbd7 8. c4 Ne8 9. Nfd2 Qe7 10. Nc3 f5 11. f4 Nef6 12. e4 exf4 13. exf5 g5 14. Nf3 h6 15. d4 Re8 16. Re1 Qe3+ 17. Kh1 Ng4 18. Rf1 Nf2+ 19. Rxf2 Qxf2 20. Rc1 g4 21. Qe1 Qxe1+ 22. Nxe1 Bxd4 23. Bxg4 Nf6 24. Bf3 Bxf5 25. Bxb7 Rab8 26. Bc6 Rxb4 27. Nf3 Rxb2 28. Nxd4 Bd7 29. Bxd7 Nxd7 30. Ndb5 Re3 31. h3 Rg3 32. Rg1 Kf7 33. Ne4 Re3 34. Nec3 Rc2 35. Nd5 Re4 36. Ndxc7 Re3 37. Nxd6+ Kg6 38. Nd5 Rxa2 39. Nxf4+ Kg5 40. Rf1 Nb6 41. Nf7+ Kf5 42. Nd5+ Ke4 43. Nxe3 Kxe3 44. c5 Nd5 45. Nxh6 Rc2 46. Ra1 Rxc5 47. Rxa7 Nf4 48. Ra2 Ne2 49. Ng4+ Kd3 50. Kh2 Rc8 51. g3 Rc1 52. Ra3+ Nc3 53. h4 Kd4 54. Ra8 Ne2 55. Rd8+ Ke4 56. Re8+ Kd3 57. Re3+ Kd2 58. Kg2 Nc3 59. Re8 Kd3 60. Rf8 Ra1 61. h5 Ra7 62. Kh3 Kd4 63. Nf6 Ra1 64. Kg4 Rh1 65. Kg5 Rh3 66. g4 Na4 67. h6 Nc5 68. Re8 1-0

[Event "Curitiba IEP&Copel op"]
[Site "Curitiba"]
[Date "2017.05.14"]
[Round "5"]
[White "Dos Anjos, Diovana Ferreira"]
[Black "Salustiano, Murilo Gimenez"]
[Result "1/2-1/2"]
[WhiteElo "1658"]
[BlackElo "1933"]
[PlyCount "98"]
[EventDate "2017.05.12"]
[EventType "swiss"]
[EventRounds "6"]
[EventCountry "BRA"]
[SourceTitle "CBM 178 Extra"]
[Source "ChessBase"]
[SourceDate "2017.06.22"]
[SourceVersion "1"]
[SourceVersionDate "2017.06.22"]
[SourceQuality "1"]

1. b4 d5 2. Bb2 Nf6 3. e3 g6 4. c4 c6 5. Nf3 Bg7 6. Be2 0-0 7. 0-0 Qb6 8. a3 Bg4 9. c5 Qd8 10. h3 Bf5 11. d3 Re8 12. Nbd2 Nbd7 13. Nd4 e5 14. Nxf5 gxf5 15. f4 e4 16. d4 Nf8 17. Kh2 N6d7 18. Rg1 Ng6 19. Nf1 Ne7 20. g4 fxg4 21. Rxg4 Kh8 22. Bc3 Nf6 23. Rg2 Nf5 24. Rg5 Ne7 25. Be1 h6 26. Rg2 Nf5 27. Bh5 Qe7 28. Qe2 Rg8 29. Bg4 Nxg4+ 30. hxg4 Nh4 31. Bxh4 Qxh4+ 32. Kg1 Qd8 33. Ng3 a5 34. b5 b6 35. Rc1 Rc8 36. Nf5 Bf8 37. Rh2 Rg6 38. g5 bxc5 39. Nxh6 Bxh6 40. Rxc5 cxb5 41. Rxh6+ Rxh6 42. gxh6 Qg8+ 43. Qg2 Qxg2+ 44. Kxg2 Rb8 45. Rxd5 b4 46. axb4 axb4 47. Rc5 b3 48. Rc1 b2 49. Rb1 Kh7 1/2-1/2